000 00255nam a22001217a 4500
999 _c13093
_d13093
020 _a9780008447373
082 _a158.1
100 _aRhonda Byrne
245 _aThe Greatest Secret
260 _aItaly
_bThorsons
_c2020
300 _a256 pages
942 _cBK